<?xml version="1.0" encoding="UTF-8"?>
<record
    xmlns:xsi="http://www.w3.org/2001/XMLSchema-instance"
    xsi:schemaLocation="http://www.loc.gov/MARC21/slim http://www.loc.gov/standards/marcxml/schema/MARC21slim.xsd"
    xmlns="http://www.loc.gov/MARC21/slim">

  <leader>06289nam a2200325 i 4500</leader>
  <controlfield tag="003">DO-SdBNP</controlfield>
  <controlfield tag="005">20260305074000.0</controlfield>
  <controlfield tag="006">a||||gr|||| 00| 0 </controlfield>
  <controlfield tag="007">ta</controlfield>
  <controlfield tag="008">230413e2011    dr ac||gr|||| 001 edspa d</controlfield>
  <datafield tag="020" ind1=" " ind2=" ">
    <subfield code="a">9789945004816</subfield>
  </datafield>
  <datafield tag="040" ind1=" " ind2=" ">
    <subfield code="a">DO-SdBNP</subfield>
    <subfield code="b">spa</subfield>
    <subfield code="c">BNPHU</subfield>
    <subfield code="e">rda</subfield>
  </datafield>
  <datafield tag="082" ind1=" " ind2="4">
    <subfield code="2">22</subfield>
    <subfield code="b">G463a</subfield>
  </datafield>
  <datafield tag="100" ind1="1" ind2=" ">
    <subfield code="9">24925</subfield>
    <subfield code="a">Gil, Orlando,</subfield>
    <subfield code="d">1949-</subfield>
  </datafield>
  <datafield tag="245" ind1="1" ind2="0">
    <subfield code="a">Ahora que los dioses duermen :</subfield>
    <subfield code="b">35 a&#xF1;os de an&#xE1;lisis pol&#xED;tico /</subfield>
    <subfield code="c">Orlando Gil ; fotograf&#xED;as, Archivos C&#xE1;ndido Ger&#xF3;n.</subfield>
  </datafield>
  <datafield tag="264" ind1=" " ind2="1">
    <subfield code="a">[Santo Domingo] :</subfield>
    <subfield code="b">Lozano, CxA,</subfield>
    <subfield code="c">2011</subfield>
  </datafield>
  <datafield tag="300" ind1=" " ind2=" ">
    <subfield code="a">525 p&#xE1;ginas :</subfield>
    <subfield code="b">ilustraciones, retratos ;</subfield>
    <subfield code="c">21 cm.</subfield>
  </datafield>
  <datafield tag="336" ind1=" " ind2=" ">
    <subfield code="2">rdaconten</subfield>
    <subfield code="a">texto</subfield>
    <subfield code="b">txt</subfield>
  </datafield>
  <datafield tag="337" ind1=" " ind2=" ">
    <subfield code="2">rdamedia</subfield>
    <subfield code="a">sin medici&#xF3;n</subfield>
    <subfield code="b">n</subfield>
  </datafield>
  <datafield tag="338" ind1=" " ind2=" ">
    <subfield code="2">rdacarrier</subfield>
    <subfield code="a">volumen</subfield>
    <subfield code="b">n</subfield>
  </datafield>
  <datafield tag="500" ind1=" " ind2=" ">
    <subfield code="a">Incluye &#xED;ndice onom&#xE1;stico.</subfield>
  </datafield>
  <datafield tag="500" ind1=" " ind2=" ">
    <subfield code="a">La biblioteca posee el tomo 1</subfield>
  </datafield>
  <datafield tag="505" ind1=" " ind2=" ">
    <subfield code="a">Exordio del editor.</subfield>
  </datafield>
  <datafield tag="505" ind1=" " ind2=" ">
    <subfield code="a">Introducci&#xF3;n.</subfield>
  </datafield>
  <datafield tag="505" ind1=" " ind2=" ">
    <subfield code="a">Joaqu&#xED;n Balaguer.</subfield>
    <subfield code="t">Un pol&#xED;tico Admirable.-- El Chepazo como categor&#xED;a Hist&#xF3;rica.-- A palabras huecas, o&#xED;dos.-- Un hombre que necesita de los dem&#xE1;s.-- Acotaciones al margen de un discurso.-- En torno a la importancia de unas palabras presidenciales.-- La obligaci&#xF3;n del gobierno.-- La comicidad pol&#xED;tica.-- Apuntes sobre el problema educativo dominicano.-- Reconocimiento, solidaridad y apreciaciones pol&#xE9;micas.-- La UASD que usted no conoce.--</subfield>
    <subfield code="t">La UASD que usted no conoce (Cuestionamiento de un problema).-- La UASD que usted no conoce (Cuestionamiento de un problema-n&#xFA;mero tres).-- El piloto dominicano, un t&#xE9;cnico marginado.-- Lo no discutible.-- Mi postura "reaccionaria".-- &#xA1;Rescatemos a Duarte!.-- El a&#xF1;o internacional de la Mujer (El art&#xED;culo y la burla lo acompa&#xF1;a).-- La Iglesia y el momento pol&#xED;tico.-- El &#xE9;xito de la contrainsurgencia pol&#xED;tica.-- Los socialcristiano balagueristas.-- Corrupci&#xF3;n y desigualdad social.--</subfield>
    <subfield code="t">El presupuesto de Agricultura.-- El mismo doctor Balaguer.-- Las irregularidades agrarias.-- El poder es humano.--Una desconsideraci&#xF3;n merecida.-- &#xBF;Se desenmascar&#xF3;?.-- La ilusi&#xF3;n democr&#xE1;tica de siete d&#xED;as.-- La pol&#xED;tica de los precios topes.-- El doctor no tiene tierras ni ganado.-- Biblioteca: La solter&#xED;a en la historia dominicana.-- Los aumentos del gobierno.-- Los aumentos del Gobierno.-- Lo que no es lo mismo.-- La elecciones del tiempo de cambio.-- </subfield>
    <subfield code="t">La izquierda y el campo.-- La Reforma Agraria es un hecho irreversible.-- Reforma Agraria y violencia.-- Balaguer: &#xBF;gobierno y oposici&#xF3;n? Lo negativo del secuestro.-- Lo positivo del secuestro.-- Lo inconveniente de un enfrentamiento.-- Sigamos esperando lo mejor.-- La Iglesia y el desarrollo dominicano.-- La iglesia y el campesino.-- Botellas, frascos y damajuana administrativas.-- &#xBF;Hacia d&#xF3;nde vamos?.-- La variante de los cuerpos pol&#xED;ticos del Gobierno.-- &#xBF;Un Balaguer mejor?.-- Cuidadito, compa y gallo, cuidadito.-- El gobierno busca tiempo, s&#xF3;lo tiempo.-- Otras tareas esperan.--</subfield>
    <subfield code="t">&#xBF;Al di&#xE1;logo otra vez?.-- &#xA1;Tenemos que disciplinarnos!.-- El Presidente tiene la palabra.-- &#xA1;Ah&#xED; es donde usted lo da&#xF1;a, se&#xF1;or Gobierno!.-- Frustraci&#xF3;n y alegr&#xED;a en el pueblo pol&#xED;tico.-- Insurrecci&#xF3;n de sal&#xF3;n en el Palacio nacional.-- &#xBF;Pedir&#xE1; Cacao el Gobierno?.-- El doctor Balaguer ante su pensamiento pol&#xED;tico.--  Una echada hacia atr&#xE1;s del Gobierno.-- La hora de organizarse.-- Le est&#xE1;n cayendo todos los palitos encima.-- Honra personal y deshonra gubernamental.-- </subfield>
    <subfield code="t">Corrupci&#xF3;n gubernamental y desviaci&#xF3;n popular.-- Desocupaci&#xF3;n y pueblo.-- &#xA1;Seguimos ocupados!.-- &#xA1;Pa&#xB4;que afinque!.-- Estamos en las mismas condiciones.-- Miedo + miedo = terror.-- Una larga espera.-- Opini&#xF3;n P&#xFA;blica, Gulf and Wstrem y gobierno.-- &#xA1;Repudiemos la capitulaci&#xF3;n opositora!.-- &#xA1;Soluci&#xF3;n sin Balaguer!.--El pastorcillo que gustaba contar mentiras.-- Cordura y sensatez de parte del Gobierno.-- Lo que no entendieron los reeleccionistas.--</subfield>
    <subfield code="t">El acuerdo fue sensato y honesto.-- Per&#xF3;n, Balaguer, la juventud y el enga&#xF1;o.-- &#xBF;Lo buenos no se cambia?.-- Sin t&#xED;tulo.-- Seguimiento trillando el mismo camino hist&#xF3;rico.-- El aguinaldo del Presidente y los empresarios.-- &#xBF;Necesita la izquierda un Balaguer?.-- Un largo momento pol&#xED;tico de derecha.-- Los democr&#xE1;ticos se van a unir.-- Todav&#xED;a nos queda la esperanza.-- La corrupci&#xF3;n de la verdad.-- "A manera de ensayo."-- La reelecci&#xF3;n es cosa compleja.--</subfield>
    <subfield code="t">&#xBF;A d&#xF3;nde quieren llevar al negro?.-- Consideraciones en torno al problema de la gasolina.-- Lo que dicen de nosotros allende los mares.--  Lo que dicen de nosotros allende los mares.-- Una reuni&#xF3;n importante y trascendente.-- Cr&#xF3;nica de buen sentido Nivar Seijas, &#xBF;aglutinador de la oposici&#xF3;n?.-- El cansancio de un hombre como expresi&#xF3;n pol&#xED;tica.-- Un fantasma ronda la institucionalidad del pa&#xED;s.-- Signos equivocados de democracia interna.--</subfield>
    <subfield code="t">Ense&#xF1;anzas que deben aprenderse.-- El az&#xFA;car refino: de la confusi&#xF3;n al infundio.-- Balaguer en Nueva York (uno).-- El doctor Balaguer en Nueva York (dos).-- El doctor Balaguer en Nueva York (tres).-- El doctor Balaguer en Nueva York (y cuatro).-- El discurso presidencia.-- &#xBF;Se compra o se vende?.-- La divisi&#xF3;n y la debilidad.-- De los partidos.-- La situaci&#xF3;n del pa&#xED;s es de duda I.--  La situaci&#xF3;n del pa&#xED;s es de duda II.-- El asalto a lo desconocido: un sofisma sutil.-- </subfield>
    <subfield code="t">El discurso de un candidato, no el de un presidente.-- Pobreza conceptual en la vida pol&#xED;tica dominicana.-- Un candidato que inspira temor.-- Todo es cuesti&#xF3;n de entendimiento.-- Las posibles alianzas o los anuncios falsos.-- La democracia estar&#xE1; en entredicho.-- La situaci&#xF3;n todav&#xED;a es de espera.-- Bosch, el gran perdedor.-- "&#xA1;Jefes ordinarios, pueblos extraordinarios!".-- Con el fanatismo delirante y la fantas&#xED;a jur&#xED;dica ronda la desgracia.-- </subfield>
    <subfield code="t">Es de tono persistir en el error.-- El &#xFA;ltimo discurso del doctor Balaguer -I-.-- El &#xFA;ltimo discurso del doctor Balaguer -II-.-- El &#xFA;ltimo discurso del doctor Balaguer -III-.-- El &#xFA;ltimo discurso del doctor Balaguer -y IV-.-- Balaguer &#xBF;la historia dar&#xE1; cuenta de &#xE9;l?.-- Con estupor ante la ingnonimia -y II.-- Una presidencia con poderes enajenados.-- &#xCD;ndice onom&#xE1;stico.</subfield>
  </datafield>
  <datafield tag="590" ind1=" " ind2=" ">
    <subfield code="a">Inventariado 2023 / MF</subfield>
  </datafield>
  <datafield tag="700" ind1="1" ind2=" ">
    <subfield code="a">Fajardo, Puro </subfield>
    <subfield code="e">diagramador</subfield>
    <subfield code="9">83259</subfield>
  </datafield>
  <datafield tag="700" ind1="1" ind2=" ">
    <subfield code="a">Ger&#xF3;n, Candido,</subfield>
    <subfield code="d">1948-</subfield>
    <subfield code="e">fotograf&#xED;a</subfield>
    <subfield code="9">3577</subfield>
  </datafield>
  <datafield tag="942" ind1=" " ind2=" ">
    <subfield code="2">ddc</subfield>
    <subfield code="c">LBS1</subfield>
  </datafield>
  <datafield tag="952" ind1=" " ind2=" ">
    <subfield code="0">0</subfield>
    <subfield code="1">0</subfield>
    <subfield code="2">ddc</subfield>
    <subfield code="5">1</subfield>
    <subfield code="7">0</subfield>
    <subfield code="8">PD</subfield>
    <subfield code="a">BNPHU</subfield>
    <subfield code="b">BNPHU</subfield>
    <subfield code="c">CT</subfield>
    <subfield code="d">2022-02-09</subfield>
    <subfield code="e">Donado por V&#xED;ctor Hugo</subfield>
    <subfield code="l">0</subfield>
    <subfield code="o">G463a</subfield>
    <subfield code="p">2023-1371</subfield>
    <subfield code="r">2023-04-13</subfield>
    <subfield code="w">2023-04-13</subfield>
    <subfield code="y">LBS1</subfield>
  </datafield>
  <datafield tag="999" ind1=" " ind2=" ">
    <subfield code="c">53249</subfield>
    <subfield code="d">53249</subfield>
  </datafield>
</record>
